Famosos por letra - U - Estadísticas

Estadísticas generales
  • Esta prueba ha sido intentada 54 veces
  • La puntuación promedio es 4 de 8
Estadísticas de respuestas
Imagen Respuesta % Correcto
Usain Bolt
98%
Úrsula Corberó
72%
Uma Thurman
57%
Usher
51%
Ursula von der Leyen
49%
Unax Ugalde
13%
Umberto Eco
11%
Uzo Aduba
2%
No se encontraron pruebas coincidentes
Distribución de puntuación
Porcentaje de gente con cada puntuación
Porcentaje por número respondido
Historial de tus puntuaciones
No has intentado esta prueba.